Denali National Park and Preserve, Alaska : entrance area and road corridor development concept plan.

Bibliographic Details
Corporate Author: United States. National Park Service
Format: Government Document Book
Language:English
Published: [Washington, D.C.?] : U.S. Dept. of the Interior, National Park Service, [1997]
Subjects:

MARC

Tag First Indicator Second Indicator Subfields
LEADER 00000cam a2200000 a 4500
001 in00001404566
005 20151020052258.0
008 970812s1997 dcuab f000 0 eng d
010 |a gp 97066909  
035 |a (OCoLC)37452474 
035 |9 AHM3462AM 
040 |d GPO  |d DLC  |d MvI  |d UtOrBLW 
043 |a n-us-ak 
074 |a 0651-B-05 
086 0 |a I 29.79/3:D 41 
110 1 |a United States.  |b National Park Service. 
245 1 0 |a Denali National Park and Preserve, Alaska :  |b entrance area and road corridor development concept plan. 
246 3 0 |a Entrance area and road corridor development concept plan 
264 1 |a [Washington, D.C.?] :  |b U.S. Dept. of the Interior, National Park Service,  |c [1997] 
300 |a v, 55 pages :  |b illustrations, maps (some color) ;  |c 28 cm. 
336 |a text  |b txt  |2 rdacontent 
337 |a unmediated  |b n  |2 rdamedia 
338 |a volume  |b nc  |2 rdacarrier 
500 |a Shipping list number: 97-0316-P. 
500 |a "Approved ... February 24, 1997"--P. [2] of cover. 
500 |a "May 1997"--P. [3] of cover. 
500 |a "NPS D-244B"--P. [3] of cover. 
651 0 |a Denali National Park and Preserve (Alaska) 
650 0 |a National parks and reserves  |x Transportation  |z Alaska  |x Planning. 
650 0 |a Highway planning  |z Alaska  |z Denali National Park and Preserve. 
650 0 |a Park facilities  |z Alaska  |z Denali National Park and Preserve  |x Planning. 
999 |a MARS 
999 f f |s d55f95f0-72cd-30dc-83f9-e4a32a358998  |i a4f3890e-fa64-387b-8d8c-5f3a18a0c1f0  |t 0 
952 f f |p normal  |a Texas A&M University  |b College Station  |c Sterling C. Evans Library  |d Evans: US Documents (Annex 5th floor)  |t 0  |e I 29.79/3:D 41  |h Superintendent of Documents classification  |i unmediated -- volume  |m A14821735730 
998 f f |a I 29.79/3:D 41  |t 0  |l Evans: US Documents (Annex 5th floor)